000 00559nam a2200193Ia 4500
008 131103s9999 xx 000 0 und d
020 _a8170281180
_cRs.175
040 _aLoreto College
041 _aEnglish
082 _a891.433/BAC
_bLCLIB/42802
100 _aBachchan,Harivansh Rai
245 _aNeer Ka Nirman Phir autobiography
_cHarivansh Rai Bachchan
260 _aDelhi
_bRajpal and Sons
_c2002
300 _a272 p.
_c 21 cm.
504 _aIncludes bibliographical references
650 _aHindi Autobiography
850 _aLCLIB
942 _cBK
999 _c18229
_d68708